00549nam a2200169Ia 450000500170000000800410001702000150005808200130007310000200008624500280010626000510013430000190018550000560020494200060026095200980026699900150036420250701022516.0240331s9999 xx 000 0 und d a9556100156 bABHa891 aAbhayasundara,W 0aAnanda samprawedhithaya aColombobGovernment printing compressionc1990 axxxi, 943 p ., aA Complete works of Poetry - Ananda Sampraveditaya cL 001040708LaWERCLbWERCLcSSCd2024-03-31l0o 891.48 ABHp1044r2024-03-31w2024-03-31yL c4896d4896